000 00883nam a2200229Ii 4500
003 JO-AjNU
008 230605s9999||||xx |||||||||||||| ||und||
017 _a2017/1/572
020 _a978-9957-634-21-6
040 _aJO-AjNU
_bara
_erda
_cJO-AjNU
041 _aara
050 1 4 _aSB354.47.2017
100 3 _aعلوان، جاسم محمد,
_eauthor
_964357
245 0 0 _aتكنولوجيا الفاكهة المتساقطة: اكثارها-زراعتها-رعايتها وانتاجها، ج1
250 _aالطبعة الاولى
264 3 1 _aعمان، بغداد: دار الوضاح للنشر، مكتبة دجلة، 2017
300 _aج1: 440ص
_bيحتوي على قائمة مصادر من ص 431-440
336 _atext
_btxt
_2rdacontent
337 _aunmediated
_bn
_2rdamedia
338 _avolume
_bnc
_2rdacarrier
650 4 _aالفواكه-زراعة
_964358
999 _aA29242
_c32810
_d32810